| 000 | 01726nam0a22002891 4500 | ||
|---|---|---|---|
| 001 | rc\3529247 | ||
| 005 | 20230911132719.0 | ||
| 021 |
_aRU _b[69-42193] |
||
| 035 | _a(NLR Aleph) 007664660 | ||
| 090 |
_a6369405 _c6369405 |
||
| 100 | _a20130115d1969 |||y0rusy50 ca | ||
| 101 | 0 | _arus | |
| 102 | _aRU | ||
| 105 | _ay z ||||| | ||
| 200 | 1 |
_aВеликая Октябрьская социалистическая революция - коренной перелом в истории человечества _e(Материалы Науч.-теорет. конференции преподавателей обществ. наук вузов Ленинграда) _f[Ред. коллегия: проф. С.И. Тюльпанов (отв. ред.) и др.] _gМ-во высш. и сред. спец. образования РСФСР. Сев.-Зап. совет по координации и планированию науч.-исслед. работ по гуманитарным наукам |
|
| 210 |
_aЛенинград _cИзд-во Ленингр. ун-та _d1969 |
||
| 215 |
_a272 с. _d22 |
||
| 606 |
_aОбщественные науки _jСборники _2psbo |
||
| 606 |
_aВеликая Октябрьская социалистическая революция _jСборники _2psbo |
||
| 702 | 1 |
_aТюльпанов _bС. И. _gСергей Иванович _4340 |
|
| 712 | 1 | 2 | _aНаучно-теоретическая конференция преподавателей общественных наук вузов Ленинграда (1969; Ленинград) |
| 801 | 0 |
_aRU _bNLR _gpsbo |
|
| 801 | 1 |
_aRU _bELAR _2rusmarc |
|
| 852 |
_aNLR _j69-5/2728 |
||
| 942 | _cBOOK | ||
| 980 | _aNB | ||